000 00610nam a22002417a 4500
001 27036
003 UA-OsUOA
005 20210202102429.0
007 ta
008 20040614b un ||||| |||| 00| 0 ukr d
040 _aUA-OsUOA
_bukr
_cUA-OsUOA
_dUA-OsUOA
041 _aukr
044 _aUA
080 _a821.161.2
090 _a821.161.2
_bЗ-14
100 _aЗагребельний П.
245 _aПервоміст. Смерть у Києві
_bісторичні романи
260 _aКиїв
_bДніпро
_c1978
300 _a816 с.
650 7 _2UDC
942 _cBK
_2udc
955 _a3
999 _c313375
_d313375